Top 10 Richest Countries in Europe Quiz Stats

Quiz Updated Oct 24, 2014

Challenge
Share
Tweet
Embed
Score 0/10 Timer 03:00
10 Plays Today
Rank Country % Correct
9Sweden
92.6%
4Norway
90.5%
5Switzerland
88.6%
3Luxembourg
82.4%
2Monaco
82.2%
6Netherlands
77.1%
7Austria
73.9%
1Liechtenstein
70.6%
10Iceland
68.9%
8Ireland
67.9%

You're not logged in!

Compare scores with friends on all Sporcle quizzes.
Sign Up with Email
OR
Log In

You Might Also Like...

Show Comments

Extras

Top Quizzes Today


Score Distribution

Your Account Isn't Verified!

In order to create a playlist on Sporcle, you need to verify the email address you used during registration. Go to your Sporcle Settings to finish the process.

Report this User

Report this user for behavior that violates our Community Guidelines.

Details: